000 00530nam a2200217 a 4500
001 BS0001316
003 BR-BrBNA
005 20230926165657.0
008 230308b |||||||| |||| 00| 0 por d
040 _aBR-BrBNA
_bpor
_cBiblioteca Nacional de Agricultura
041 _apor
072 _aS86
090 _aS86
_bBS0001316
100 1 _aSuruagy, Divaldo.
245 1 _aAdoro você /
250 1 _a4. ed.
260 3 _aMaceió:
_bCatavento,
_c2001.
300 _a484 p.
650 _aLITERATURA BRASILEIRA
942 _cBK
_2AGRIS
999 _c6373
_d6373